Memoria sobre las minas de Almadén / (Record no. 43875)
[ view plain ]
| 000 -LEADER | |
|---|---|
| campo de control de longitud fija | 01163nam a2200277 i 4500 |
| 001 - NÚMERO DE CONTROL | |
| campo de control | 43875 |
| 003 - IDENTIFICADOR DE NÚMERO DE CONTROL | |
| campo de control | ES-MaACL |
| 005 - FECHA Y HORA DE LA ÚLTIMA TRANSACCIÓN | |
| campo de control | 20240529163534.0 |
| 007 - CAMPO FIJO DE DESCRIPCIÓN FÍSICA--INFORMACIÓN GENERAL | |
| campo de control de longitud fija | t| |
| 008 - DATOS DE LONGITUD FIJA--INFORMACIÓN GENERAL | |
| campo de control de longitud fija | 030320s1838 sp ||||1| spa d |
| 080 ## - NÚMERO DE LA CLASIFICACIÓN DECIMAL UNIVERSAL | |
| Número de la Clasificación Decimal Universal | 622(464.3) |
| 080 ## - NÚMERO DE LA CLASIFICACIÓN DECIMAL UNIVERSAL | |
| Número de la Clasificación Decimal Universal | 622.349.9(460.354 Almadén) |
| 100 1# - ENTRADA PRINCIPAL--NOMBRE DE PERSONA | |
| Nombre de persona | Cavanillas, Rafael. |
| 9 (RLIN) | 37158 |
| 245 10 - MENCIÓN DEL TÍTULO | |
| Título | Memoria sobre las minas de Almadén / |
| Mención de responsabilidad, etc. | por Rafael Cavanillas. |
| 260 ## - PUBLICACIÓN, DISTRIBUCIÓN, ETC. | |
| Lugar de publicación, distribución, etc. | Madrid : |
| Nombre del editor, distribuidor, etc. | [s.n.], |
| Fecha de publicación, distribución, etc. | 1838 ( |
| Fabricante | Imp. del Colegio Nacional de Sordomudos y Ciegos) |
| 300 ## - DESCRIPCIÓN FÍSICA | |
| Extensión | 51 p. ; |
| Dimensiones | 19 cm. |
| 530 ## - NOTA DISPONIBLE DE FORMULARIO FÍSICO ADICIONAL | |
| Nota de formato físico adicional disponible | Disponible en formato digital. |
| 650 ## - PUNTO DE ACCESO ADICIONAL DE MATERIA--TÉRMINO DE MATERIA | |
| Término de materia o nombre geográfico como elemento de entrada | Minas- |
| Subdivisión geográfica | Almadén. |
| 9 (RLIN) | 136500 |
| 650 ## - PUNTO DE ACCESO ADICIONAL DE MATERIA--TÉRMINO DE MATERIA | |
| Término de materia o nombre geográfico como elemento de entrada | Minas de mercurio- |
| Subdivisión geográfica | Almadén. |
| 9 (RLIN) | 167428 |
| 852 4# - LOCALIZACIÓN | |
| Ubicación | ES-MaACL |
| Número de control de estantería | FOLL-Laf-573 |
| Ubicación en estantería | Depósito folletos |
| Marcas de propiedad | Sello en tinta en portada: "Ateneo de Madrid. Legado M. de la Fuente" |
| -- | Sello en tinta en portada: "Ateneo de Madrid. Biblioteca" |
| Donativo/Legado | Legado: M. de la Fuente |
| itemnumber | 45512 |
| 856 4# - LOCALIZACIÓN Y ACCESO ELECTRÓNICOS | |
| Identificador Uniforme de Recursos | <a href="http://bdh-rd.bne.es/viewer.vm?id=0000052526&page=1 ">http://bdh-rd.bne.es/viewer.vm?id=0000052526&page=1 </a> |
| Texto de enlace | Versión en línea |
| Nota pública | Biblioteca Digital Hispánica |
| 903 ## - NOMBRE PERSONAL DE DONANTE | |
| 9 | 69535 |
| a | Lafuente, Modesto, |
| d | 1806-1866 |
| e | Donante |
| q | 1 |
| 942 ## - ELEMENTOS DE ENTRADA SECUNDARIOS (KOHA) | |
| Fuente del sistema de clasificación o colocación | Clasificación decimal universal |
| Tipo de ítem Koha | Folleto |
| Estatus retirado | Estado de pérdida | Fuente del sistema de clasificación o colocación | Estado de daño | No para préstamo | Colección | Biblioteca de origen | Biblioteca actual | Ubicación en estantería | Fecha de adquisición | Fuente de adquisición | Total de préstamos | Signatura topográfica completa | Código de barras | Visto por última vez | Precio de reemplazo | Tipo de ítem Koha |
|---|---|---|---|---|---|---|---|---|---|---|---|---|---|---|---|---|
| Clasificación decimal universal | Colección de folletos | Biblioteca del Ateneo de Madrid | Biblioteca del Ateneo de Madrid | Depósito folletos | 17/01/2008 | Legado | FOLL-Laf-573 | 1046183 | 23/02/2023 | 23/02/2023 | Folleto |
